Platero y yo

Saved in:
Bibliographic Details
Main Author: Jiménez, Juan Ramón (Author)
Format: Book
Language:Spanish
Published: Ciudad de México Fernández 1960
Edition:4a. ed
Subjects:
Tags: Add Tag
No Tags, Be the first to tag this record!

MARC

LEADER 00000nam a2200000 a 4500
001 UCT4206
003 CL-VaPUC
008 961108e19600000MX |||||||||||||||||spa|d
082 0 4 |a 861  |b JIM  |2 21 
100 |a Jiménez, Juan Ramón  |e author  |9 330181 
245 1 0 |a Platero y yo 
250 |a 4a. ed 
300 |a 95 p 
942 |c BK 
945 |d 19961108 00:00:00  |a rleighto 
260 |a Ciudad de México  |b Fernández  |c 1960 
650 7 |a PROSA POETICA ESPAÑOLA  |2 CL-VaPUC  |9 309004 
583 |a last modification  |c 19961108 00:00:00  |k Rodrigo Vera 
999 |c 253618  |d 253616 
952 |0 0  |1 0  |4 0  |6 861_000000000000000_JIM_1960  |7 0  |8 A  |9 274569  |a BIBEDU  |b BIBEDU  |d 2019-11-19  |i 3249069  |o 861 JIM 1960  |p 3249069  |r 2019-11-19  |w 2019-11-19  |y BK  |k LIT